<?xml version="1.0" encoding="UTF-8"?>
<record
    xmlns:xsi="http://www.w3.org/2001/XMLSchema-instance"
    xsi:schemaLocation="http://www.loc.gov/MARC21/slim http://www.loc.gov/standards/marcxml/schema/MARC21slim.xsd"
    xmlns="http://www.loc.gov/MARC21/slim">

  <leader>00740nam a2200229Ia 4500</leader>
  <controlfield tag="003">OSt</controlfield>
  <controlfield tag="005">20250131113933.0</controlfield>
  <controlfield tag="008">210210b1971   xxu||||| |||| 00| 0 eng d</controlfield>
  <datafield tag="040" ind1=" " ind2=" ">
    <subfield code="c">AL</subfield>
  </datafield>
  <datafield tag="041" ind1=" " ind2=" ">
    <subfield code="a">hin</subfield>
  </datafield>
  <datafield tag="082" ind1=" " ind2=" ">
    <subfield code="a">H891.9 MISS</subfield>
  </datafield>
  <datafield tag="100" ind1=" " ind2=" ">
    <subfield code="a">MISHR (Jyotiprasad)</subfield>
    <subfield code="9">196613</subfield>
  </datafield>
  <datafield tag="110" ind1=" " ind2=" ">
    <subfield code="b">SHASTRI (Rampratap Tripathi)</subfield>
    <subfield code="9">196614</subfield>
  </datafield>
  <datafield tag="111" ind1=" " ind2=" ">
    <subfield code="c">&#x92E;&#x93F;&#x936;&#x94D;&#x930; (&#x91C;&#x94D;&#x92F;&#x94B;&#x924;&#x93F;&#x92A;&#x94D;&#x930;&#x938;&#x93E;&#x926;) </subfield>
    <subfield code="9">196615</subfield>
  </datafield>
  <datafield tag="245" ind1=" " ind2=" ">
    <subfield code="a">Sammelan patrika:</subfield>
    <subfield code="b">&#x938;&#x92E;&#x94D;&#x92E;&#x947;&#x932;&#x928; &#x92A;&#x924;&#x94D;&#x930;&#x93F;&#x915;&#x93E; </subfield>
  </datafield>
  <datafield tag="260" ind1=" " ind2=" ">
    <subfield code="a">Prayag</subfield>
    <subfield code="b">Hindi Sahity Sammelan</subfield>
    <subfield code="c">1971</subfield>
  </datafield>
  <datafield tag="300" ind1=" " ind2=" ">
    <subfield code="a">351</subfield>
  </datafield>
  <datafield tag="690" ind1=" " ind2=" ">
    <subfield code="a">Hindi Criticism</subfield>
    <subfield code="9">196616</subfield>
  </datafield>
  <datafield tag="700" ind1=" " ind2=" ">
    <subfield code="a">&#x936;&#x93E;&#x938;&#x94D;&#x924;&#x94D;&#x930;&#x940; (&#x930;&#x93E;&#x92E;&#x92A;&#x94D;&#x930;&#x924;&#x93E;&#x92A; &#x924;&#x94D;&#x930;&#x93F;&#x92A;&#x93E;&#x920;&#x940;) </subfield>
    <subfield code="9">196617</subfield>
  </datafield>
  <datafield tag="906" ind1=" " ind2=" ">
    <subfield code="a">029056</subfield>
  </datafield>
  <datafield tag="942" ind1=" " ind2=" ">
    <subfield code="2">ddc</subfield>
    <subfield code="c">BK</subfield>
  </datafield>
  <datafield tag="999" ind1=" " ind2=" ">
    <subfield code="c">80284</subfield>
    <subfield code="d">80284</subfield>
  </datafield>
  <datafield tag="952" ind1=" " ind2=" ">
    <subfield code="0">0</subfield>
    <subfield code="1">0</subfield>
    <subfield code="2">ddc</subfield>
    <subfield code="4">0</subfield>
    <subfield code="7">0</subfield>
    <subfield code="8">HIN</subfield>
    <subfield code="a">AL</subfield>
    <subfield code="b">AL</subfield>
    <subfield code="d">2021-02-17</subfield>
    <subfield code="g">0.00</subfield>
    <subfield code="l">0</subfield>
    <subfield code="o">H891.9 MISS</subfield>
    <subfield code="p">029056</subfield>
    <subfield code="r">2021-02-17 00:00:00</subfield>
    <subfield code="w">2021-02-17</subfield>
    <subfield code="y">BK</subfield>
  </datafield>
</record>
